000 00880cab a2200253 4500
001 WB3504-25
008 090401t1999 xxu||||| |||| 00| 0 eng d
035 _a(Sirsi) u90914
041 _aeng
245 _aBest value will mean better housing for local people
260 _c1999
350 _a0
490 _aDETR News Release
_v(049) 21 January 1999, (4)
520 _aThe Housing Minister has proposed reforms to the local housing authority services. The consultation paper on Best Value sets out guidance for local authorities to provide a better deal for both tenants and residents. Comments by 16 April 1999.
650 _aBEST VALUE
650 _aCONSULTATION PAPER
650 _aLOCAL AUTHORITIES
650 _aLOCAL AUTHORITY HOUSING SERVICES
650 _aREFORMS
650 _aSOCIAL HOUSING
690 _aHOUSING
942 _n0
948 _c26/01/1999
999 _c57675
_d57675